| 000 | 00413nam a22001697a 4500 | ||
|---|---|---|---|
| 005 | 20231012163958.0 | ||
| 008 | 231012b |||||||| |||| 00| 0 eng d | ||
| 020 | _a9780195470697 | ||
| 082 |
_a820 _bROB-T |
||
| 100 | _aRoberts,Martin | ||
| 245 | _aTimeline | ||
| 260 |
_aPakistan _bOxford Univresty Press _c2012 |
||
| 300 | _a123 | ||
| 500 | _aInclude Index | ||
| 650 | _aLiterature | ||
| 700 | _aMartin Roberts | ||
| 999 |
_c33873 _d33873 |
||